[Event "SVK-ch U16"]
[Site "Liptovsky Mikulas"]
[Date "2017.04.26"]
[Round "7"]
[White "Zahorcek, Jakub"]
[Black "Drab, Matus"]
[Result "1-0"]
[WhiteElo "1548"]
[BlackElo "1356"]
[PlyCount "151"]
[EventDate "2017.04.22"]
[EventType "swiss"]
[EventRounds "9"]
[EventCountry "SVK"]
[SourceTitle "CBM 178 Extra"]
[Source "ChessBase"]
[SourceDate "2017.06.22"]
[SourceVersion "1"]
[SourceVersionDate "2017.06.22"]
[SourceQuality "1"]

1. e4 c5 2. Nf3 Nc6 3. Bb5 e6 4. 0-0 Nge7 5. b3 a6 6. Bxc6 Nxc6 7. Bb2 d5 8. exd5 exd5 9. d4 Be6 10. Re1 b5 11. dxc5 Qd7 12. Ne5 Nxe5 13. Bxe5 Qc6 14. b4 a5 15. c3 axb4 16. cxb4 f6 17. Bg3 g6 18. Qe2 Kf7 19. Nc3 Bd7 20. Qd3 Ra3 21. Re2 Bg7 22. Rae1 Re8 23. Qxd5+ Qxd5 24. Nxd5 Rxa2 25. Re7+ Rxe7 26. Rxe7+ Kg8 27. h3 Bc6 28. Nc7 Ra4 29. Re6 Bd7 30. Rd6 Bf5 31. Rd4 Bf8 32. Nxb5 Ra1+ 33. Kh2 Ra4 34. Nd6 Bd7 35. Ne4 Bc6 36. Nd6 f5 37. Be5 Ra2 38. Kg3 Re2 39. Nc4 Kf7 40. Bf4 Kf6 41. h4 h6 42. Bd6 Bg7 43. Na5 Ba8 44. c6 Rc2 45. Rc4 Rxc4 46. Nxc4 Bxc6 47. Be5+ Kf7 48. Bxg7 Kxg7 49. Ne5 Bd5 50. f3 g5 51. hxg5 hxg5 52. Kf2 Kf6 53. Nd3 f4 54. Nc5 Kf5 55. b5 g4 56. b6 gxf3 57. gxf3 Kg5 58. b7 Bxb7 59. Nxb7 Kf5 60. Nd6+ Ke5 61. Nc4+ Kd4 62. Nd2 Kd3 63. Nf1 Kd4 64. Ke2 Kc3 65. Nh2 Kc2 66. Ng4 Kc3 67. Nf2 Kd4 68. Nh3 Ke5 69. Kd3 Kd5 70. Nxf4+ Ke5 71. Ng2 Kd5 72. Ke3 Ke5 73. Nh4 Ke6 74. Ke4 Kf6 75. Kf4 Ke6 76. Kg5 1-0

[Event "SVK-ch U16"]
[Site "Liptovsky Mikulas"]
[Date "2017.04.23"]
[Round "2"]
[White "Mizicka, Matus"]
[Black "Drab, Matus"]
[Result "1-0"]
[WhiteElo "1722"]
[BlackElo "1356"]
[PlyCount "59"]
[EventDate "2017.04.22"]
[EventType "swiss"]
[EventRounds "9"]
[EventCountry "SVK"]
[SourceTitle "CBM 178 Extra"]
[Source "ChessBase"]
[SourceDate "2017.06.22"]
[SourceVersion "1"]
[SourceVersionDate "2017.06.22"]
[SourceQuality "1"]

1. Nc3 e5 2. e4 Nc6 3. Bc4 Nf6 4. d3 Bc5 5. Nge2 h6 6. 0-0 0-0 7. Ng3 d6 8. Nd5 Nxd5 9. Bxd5 Ne7 10. Bb3 Be6 11. Qh5 Ng6 12. Bxe6 fxe6 13. Qxg6 Rf6 14. Qg4 Qf8 15. Be3 d5 16. Bxc5 Qxc5 17. Nh5 Rf7 18. Qxe6 Raf8 19. Qxd5 Qb6 20. Kh1 Kh8 21. f3 Qxb2 22. Qb3 Qd4 23. Qxb7 Qe3 24. Ng3 g6 25. Qd5 Qf4 26. d4 exd4 27. Ne2 Qh4 28. Qxd4+ Kh7 29. e5 Rd8 30. Qxh4 1-0

[Event "SVK-ch U14"]
[Site "Liptovsky Mikulas"]
[Date "2016.04.20"]
[Round "6"]
[White "Drab, Matus"]
[Black "Nosak, Alexander"]
[Result "0-1"]
[WhiteElo "1351"]
[BlackElo "1239"]
[PlyCount "52"]
[EventDate "2016.04.16"]
[EventType "swiss"]
[EventRounds "9"]
[EventCountry "SVK"]
[SourceTitle "CBM 172 Extra"]
[Source "ChessBase"]
[SourceDate "2016.06.21"]
[SourceVersion "1"]
[SourceVersionDate "2016.06.21"]
[SourceQuality "1"]

1. d4 d5 2. Nc3 Nf6 3. Bf4 Bf5 4. Nf3 Nc6 5. Nb5 Rc8 6. g3 a6 7. Na3 e6 8. Bg2 Bd6 9. Bxd6 Qxd6 10. 0-0 0-0 11. e3 Rfe8 12. Nh4 Rcd8 13. Nxf5 exf5 14. c4 b6 15. Nc2 dxc4 16. b3 b5 17. Re1 Ne7 18. e4 fxe4 19. Bxe4 Nxe4 20. Rxe4 Nd5 21. Rxe8+ Rxe8 22. bxc4 bxc4 23. a3 h6 24. Nb4 Nxb4 25. axb4 Qxb4 26. Rxa6 Re1+ 0-1

[Event "SVK-ch U14"]
[Site "Tatralandia"]
[Date "2015.04.21"]
[Round "5"]
[White "Drab, Matus"]
[Black "Zahorcek, Jakub"]
[Result "0-1"]
[WhiteElo "1124"]
[BlackElo "1238"]
[PlyCount "38"]
[EventDate "2015.04.18"]
[EventType "swiss"]
[EventRounds "9"]
[EventCountry "SVK"]
[SourceTitle "CBM 166 Extra"]
[Source "ChessBase"]
[SourceDate "2015.06.18"]
[SourceVersion "1"]
[SourceVersionDate "2015.06.18"]
[SourceQuality "1"]

1. d4 d5 2. f4 c5 3. c3 Nc6 4. e3 e6 5. Nf3 Nf6 6. g3 Bd6 7. Bg2 Bd7 8. 0-0 0-0 9. Nbd2 c4 10. Re1 b5 11. e4 dxe4 12. Nxe4 Nxe4 13. Rxe4 Ne7 14. Qc2 e5 15. dxe5 Bf5 16. Ng5 Bc5+ 17. Kh1 h6 18. Nh3 Bxe4 19. Qxe4 Qd1+ 0-1

[Event "SVK-ch U12"]
[Site "Stara Lubovna"]
[Date "2014.04.10"]
[Round "7"]
[White "Drab, Matus"]
[Black "Lopata, Daniel"]
[Result "0-1"]
[WhiteElo "1106"]
[BlackElo "1000"]
[PlyCount "94"]
[EventDate "2014.04.05"]
[EventType "swiss"]
[EventRounds "9"]
[EventCountry "SVK"]
[SourceTitle "EXT 2016"]
[Source "ChessBase"]
[SourceDate "2015.10.08"]
[SourceVersion "1"]
[SourceVersionDate "2015.10.08"]
[SourceQuality "1"]

1. d4 d5 2. Nc3 Nf6 3. Bf4 Bf5 4. Nb5 Na6 5. Nf3 e6 6. e3 Bd6 7. Bxd6 cxd6 8. Bd3 Bxd3 9. Qxd3 0-0 10. 0-0 Nc7 11. Nxc7 Qxc7 12. Rac1 Rac8 13. b3 e5 14. Rfe1 e4 15. Qe2 exf3 16. Qxf3 Qd7 17. a3 Rfe8 18. Qg3 Ne4 19. Qf4 Qe6 20. f3 Nf6 21. c4 dxc4 22. bxc4 Rxc4 23. Rxc4 Qxc4 24. Qxd6 h6 25. e4 Qe6 26. Qb4 b6 27. e5 Qe7 28. Qd2 Nd5 29. Qa2 Nf6 30. Qd2 Qe6 31. Kf2 Nd5 32. g3 f6 33. f4 g5 34. a4 gxf4 35. gxf4 fxe5 36. Rxe5 Qf7 37. Rxe8+ Qxe8 38. Qa2 Qf7 39. Kf3 Nf6 40. Qg2+ Kh7 41. Qc2+ Kh8 42. Qc8+ Ng8 43. Qc3 Qh5+ 44. Kg2 Qg4+ 45. Kh1 Qxf4 46. d5+ Qf6 47. Qc7 Qf1# 0-1

[Event "SVK-ch U12"]
[Site "Lubovna"]
[Date "2013.04.08"]
[Round "4"]
[White "Verbovsky, Michal"]
[Black "Drab, Matus"]
[Result "1-0"]
[WhiteElo "1185"]
[BlackElo "1000"]
[PlyCount "87"]
[EventDate "2013.04.06"]
[EventType "swiss"]
[EventRounds "9"]
[EventCountry "SVK"]
[SourceTitle "CBM 153 Extra"]
[Source "ChessBase"]
[SourceDate "2013.04.22"]
[SourceVersion "1"]
[SourceVersionDate "2013.04.22"]
[SourceQuality "1"]

1. e4 e5 2. Nf3 Nc6 3. d4 exd4 4. Nxd4 Bc5 5. Be3 Nf6 6. Nxc6 Bxe3 7. Nxd8 Kxd8 8. fxe3 Nxe4 9. Nd2 Nf6 10. Bd3 d6 11. c3 Bg4 12. Be2 Be6 13. Qc2 Ke7 14. 0-0-0 Bxa2 15. b3 Bxb3 16. Qxb3 b6 17. Bf3 Rab8 18. Rhe1 Rhe8 19. Ne4 Nd7 20. Ng5 Ne5 21. Qa2 f6 22. Nh3 Ra8 23. Nf4 Kf8 24. Ne6+ Rxe6 25. Qxe6 Re8 26. Qh3 h6 27. Bh5 g6 28. Bxg6 Nxg6 29. Qxh6+ Kf7 30. Qh7+ Kf8 31. Qxg6 Re7 32. Rf1 Re6 33. Rxf6+ Rxf6 34. Qxf6+ Ke8 35. Qg7 Kd8 36. Rf1 Kc8 37. Rf7 Kb7 38. Rxc7+ Ka6 39. Rxa7+ Kb5 40. c4+ Kc5 41. Qc7+ Kb4 42. Kc2 d5 43. Qxb6+ Kxc4 44. Ra4# 1-0

[Event "SVK-ch U12"]
[Site "Lubovna"]
[Date "2013.04.07"]
[Round "2"]
[White "Drab, Matus"]
[Black "Stutika, Benjamin"]
[Result "1-0"]
[WhiteElo "1000"]
[BlackElo "1149"]
[PlyCount "123"]
[EventDate "2013.04.06"]
[EventType "swiss"]
[EventRounds "9"]
[EventCountry "SVK"]
[SourceTitle "CBM 153 Extra"]
[Source "ChessBase"]
[SourceDate "2013.04.22"]
[SourceVersion "1"]
[SourceVersionDate "2013.04.22"]
[SourceQuality "1"]

1. d4 f5 2. Nc3 e6 3. Bf4 Nf6 4. Nb5 Nd5 5. Qd2 c6 6. Nd6+ Bxd6 7. Bxd6 Na6 8. e3 b5 9. Bd3 Ne7 10. Nf3 0-0 11. 0-0 Re8 12. e4 Bb7 13. e5 Rc8 14. c4 bxc4 15. Bxc4 c5 16. h3 Qb6 17. Rab1 cxd4 18. Nxd4 Rxc4 19. Qg5 Ng6 20. Ne2 Qc6 21. Rfc1 Rc8 22. b3 Rxc1+ 23. Rxc1 Qe4 24. Rxc8+ Bxc8 25. Qd8+ Kf7 26. Qxc8 Nxe5 27. Qf8+ Kg6 28. Qe8+ Kh6 29. Ng3 Qe1+ 30. Kh2 Ng6 31. Qxd7 Qxf2 32. Qxe6 Qd2 33. Qxf5 Qg5 34. Qxg5+ Kxg5 35. Ne4+ Kf5 36. Nc5 Nxc5 37. Bxc5 a6 38. Kg3 h5 39. h4 Nf4 40. a4 Ke4 41. b4 Nd3 42. Bf8 g6 43. b5 axb5 44. axb5 Ne5 45. b6 Nd7 46. b7 Ke5 47. Bc5 Nb8 48. Ba7 Nc6 49. b8Q+ Nxb8 50. Bxb8+ Ke6 51. Kf4 Kf6 52. Be5+ Kf7 53. Kg5 Ke6 54. Kxg6 Kxe5 55. Kxh5 Kf6 56. g4 Kg7 57. Kg5 Kf7 58. Kh6 Kg8 59. g5 Kf7 60. g6+ Kf6 61. g7 Kf7 62. Kh7 1-0

[Event "SVK-ch U12"]
[Site "Lubovna"]
[Date "2013.04.06"]
[Round "1"]
[White "Bango, Dominik"]
[Black "Drab, Matus"]
[Result "1-0"]
[WhiteElo "1340"]
[BlackElo "1000"]
[PlyCount "51"]
[EventDate "2013.04.06"]
[EventType "swiss"]
[EventRounds "9"]
[EventCountry "SVK"]
[SourceTitle "CBM 153 Extra"]
[Source "ChessBase"]
[SourceDate "2013.04.22"]
[SourceVersion "1"]
[SourceVersionDate "2013.04.22"]
[SourceQuality "1"]

1. e4 e5 2. Nf3 Nc6 3. Bc4 Bc5 4. 0-0 Nf6 5. d3 0-0 6. Nc3 d6 7. Bg5 h6 8. Bh4 Bg4 9. Nd5 Bxf3 10. Qxf3 g5 11. Nxf6+ Kg7 12. Nh5+ Kg8 13. Qg4 Ne7 14. Bg3 a6 15. h4 b5 16. Bb3 Nc6 17. Bd5 Rb8 18. Bxc6 f5 19. Bd5+ Kh7 20. exf5 Qd7 21. Be6 Qc6 22. f6 d5 23. Qf5+ Kh8 24. Bxe5 Rg8 25. f7+ Rg7 26. Bxg7# 1-0